Sports Quiz

Random Sports or NBA Quiz

NBA PPG Leaders 2001-02 Quiz Stats

 Plays Quiz not verified by Sporcle

Score 0/20 Timer 08:00
1 Play Today
Ranking Player % Correct
1Allen Iverson
100%
2Shaquille O'Neal
100%
3Paul Pierce
100%
4Tracy McGrady
100%
5Tim Duncan
100%
6Kobe Bryant
100%
11Karl Malone
100%
7Vince Carter
99.1%
9Dirk Nowitzki
99.1%
8Chris Webber
98.2%
Ranking Player % Correct
19Kevin Garnett
98.2%
14Ray Allen
97.3%
13Gary Payton
96.4%
12Antoine Walker
94.6%
18Jerry Stackhouse
92.9%
16Steve Francis
91.1%
20Peja Stojakovic
91.1%
10Michael Jordan
76.8%
17Jamal Mashburn
68.8%
15Cuttino Mobley
63.4%

You're not logged in!

Compare scores with friends on all Sporcle quizzes.
OR
Log In

Sporcle TV

Today on Sporcle TV


Watch our educational content, quiz creation guides, and fun videos on Sporcle TV.

Show Comments

Extras

Created Feb 20, 2016ReportNominate
Tags:NBA Quiz, leader, player, ppg, PPG Leaders, team

Top Quizzes Today


Score Distribution

Your Account Isn't Verified!

In order to create a playlist on Sporcle, you need to verify the email address you used during registration. Go to your Sporcle Settings to finish the process.

Report this User

Report this user for behavior that violates our Community Guidelines.

Details: